A Cargill Magyarország Zrt. vagyoni-, pénzügyi- és jövedelmi helyzetének az elemzése a beszámolók alapján

Bibliográfiai részletek
Szerző: Ágoston Viktória
További közreműködők: Czine Vanda
Dokumentumtípus: Diplomadolgozat
Kulcsszavak:beszámoló(k) elemzése
jövedelmi helyzet
komplex elemzés
pénzügyi helyzet
vagyoni helyzet
Online Access:http://dolgozattar.uni-bge.hu/60376

MARC

LEADER 00000nta a2200000 i 4500
001 dolg60376
005 20260409150514.0
008 260409suuuu hu om 000 hun d
040 |a BGE Dolgozattár Repozitórium  |b hun 
041 |a hu 
100 1 |a Ágoston Viktória 
245 1 2 |a A Cargill Magyarország Zrt. vagyoni-, pénzügyi- és jövedelmi helyzetének az elemzése a beszámolók alapján  |c Ágoston Viktória  |h [elektronikus dokumentum] 
520 3 |a Szakmai gyakorlatomat 2025 májusától a Cargill Magyarország Zrt.-nél töltöm pénzügyi gyakornokként, ahol feladataim közé tartozik a kontrolling osztály napi támogatása, számlák költségkönyvelése az SAP rendszerben, vállalati bankkártyás és utazási költségek elszámolása, valamint pénzügyi riportok készítése. Szakdolgozatom témája a Cargill Magyarország Zrt. vagyoni-, pénzügyi- és jövedelmi helyzetének elemzése a 2021. június 1. és 2024. május 31. közötti időszak beszámolói alapján. A dolgozat célja a pénzügyi teljesítmény átfogó értékelése, a mögöttes összefüggések feltárása és javaslatok megfogalmazása a gazdasági hatékonyság növelésére. A dolgozat felépítése a vállalat bemutatásával indul, amelyben ismertetem piaci helyzetét, tevékenységi körét és számviteli politikáját. Ezt követően elemzem a vagyoni helyzetet (eszköz- és forrásszerkezet, mérleg vizsgálata), majd a pénzügyi helyzetet (likviditás, adósságállomány), a jövedelmi helyzetet (jövedelmezőségi mutatók), végül a gazdasági hatékonyságot (termelési folyamatok, költségszint, tőkehatékonyság). Fő kutatási kérdésem: hogyan alakult a vállalat vagyoni-, pénzügyi- és jövedelmi helyzete a vizsgált időszakban, és milyen trendek, összefüggések, valamint fejlesztési lehetőségek azonosíthatók? Az elemzés eredményei alapján javaslataim a következőkre irányulnak: saját tőke erősítése, hosszú lejáratú források bevonása, beruházások és tárgyi eszköz pótlása, devizakockázat mérséklése, munkaerő ösztönzése, költséggazdálkodás szigorítása, valamint technológiai fejlesztések és modern készletgazdálkodási megoldások alkalmazása. A dolgozat célja, hogy a pénzügyi teljesítmény elemzésén keresztül hozzájáruljon a vállalat jövőbeli stabilitásához és hatékonyságának növeléséhez. 
695 |a beszámoló(k) elemzése 
695 |a jövedelmi helyzet 
695 |a komplex elemzés 
695 |a pénzügyi helyzet 
695 |a vagyoni helyzet 
700 1 |a Czine Vanda  |e ths 
856 4 0 |u http://dolgozattar.uni-bge.hu/60376/1/Szakdolgozat_%C3%81goston%20Vikt%C3%B3ria.pdf  |z Dokumentum-elérés 
856 4 0 |u http://dolgozattar.uni-bge.hu/60376/2/Meg%C3%A1llapod%C3%A1s%2C%20k%C3%A9relem%2C%20nyilatkozat.pdf  |z Dokumentum-elérés 
856 4 0 |u http://dolgozattar.uni-bge.hu/60376/3/biralatilap_alap_%C3%81goston%20Vikt%C3%B3ria.pdf  |z Dokumentum-elérés